Cmoputing Fundamentals (Record no. 35551)
[ view plain ]
| 000 -LEADER | |
|---|---|
| fixed length control field | 00385nam a22001697a 4500 |
| 003 - CONTROL NUMBER IDENTIFIER | |
| control field | OSt |
| 005 - DATE AND TIME OF LATEST TRANSACTION | |
| control field | 20220914092537.0 |
| 008 - FIXED-LENGTH DATA ELEMENTS--GENERAL INFORMATION | |
| fixed length control field | 220914b |||||||| |||| 00| 0 eng d |
| 020 ## - INTERNATIONAL STANDARD BOOK NUMBER | |
| International Standard Book Number | 0078227232 |
| 040 ## - CATALOGING SOURCE | |
| Transcribing agency | H.U |
| 082 ## - DEWEY DECIMAL CLASSIFICATION NUMBER | |
| Classification number | 004 |
| 100 ## - MAIN ENTRY--PERSONAL NAME | |
| Personal name | Norton's |
| 9 (RLIN) | 37046 |
| 245 ## - TITLE STATEMENT | |
| Title | Cmoputing Fundamentals |
| 250 ## - EDITION STATEMENT | |
| Edition statement | 4th |
| 260 ## - PUBLICATION, DISTRIBUTION, ETC. | |
| Place of publication, distribution, etc. | New York |
| Name of publisher, distributor, etc. | McGraw Hill |
| Date of publication, distribution, etc. | 2000 |
| 942 ## - ADDED ENTRY ELEMENTS (KOHA) | |
| Source of classification or shelving scheme | Dewey Decimal Classification |
| Koha item type | Books like text book referance book |
| Suppress in OPAC | No |
| Withdrawn status | Lost status | Source of classification or shelving scheme | Damaged status | Not for loan | Home library | Current library | Shelving location | Date acquired | Total Checkouts | Full call number | Barcode | Date last seen | Copy number | Price effective from | Koha item type |
|---|---|---|---|---|---|---|---|---|---|---|---|---|---|---|---|
| Dewey Decimal Classification | IoT Library | IoT Library | General Stacks | 09/14/2022 | 004,NOR/200 | IOTL0021260 | 09/14/2022 | 1 | 09/14/2022 | Books like text book referance book |